000 00302nam a22001337a 4500
008 180312b xxu||||| |||| 00| 0 eng d
020 _a9780882296012
041 _aeng
080 _a49
100 _a59
101 _aPSI
245 _aOPPRESSION AND SOCIAL INTERVENTION
_cIRA.G
942 _2udc
_cBK
999 _c44776
_d44776